Vocabulaire anglais n°1 - Statistiques

Statistiques générales
  • Ce quiz a été pris 776 fois
  • Le résultat moyen est 5 sur 20
Statistiques - réponses
Français Anglais % Correct
un étudiant a student
89%
un ours en peluche a teddy bear
55%
adopté adopted
53%
une feuille a leaf
51%
les échecs chess
47%
un tournesol a sunflower
41%
une rupture a break-up
39%
une racine a root
37%
un toboggan a slide
20%
un célibataire a bachelor
8%
les jeunes mariés the newlyweds
8%
une jonquille a daffodil
7%
un examen blanc a mock exam
6%
un ancien élève an alumnus
4%
un chardon a thistle
4%
un mémoire a dissertation
3%
un jeu de cartes a pack of cards
2%
évaluer to assess
2%
divorcer to get divorced
2%
un crayon de couleur a colouring pencil
1%
Aucun quiz correspondant
Distribution des résultats
% des personnes avec chaque résultat
Percentile par nombre de réponses
Votre historique - résultats
Vous n’avez pas pris ce quiz